Statistiques concernant Les Icownes

Cliquez ici pour prendre le quiz!

Statistiques générales

  • Ce quiz a été pris 13 fois
    (8 depuis la dernière actualisation)
  • Le résultat moyen est 12 sur 18

Statistiques - réponses

Description icowniqueDe qui çajitile ?% Correct
Heinrich HimmlerJojo
100%
Une des 2 hyènesLoulou
100%
Le tryhardeurSimsim
100%
"Hop là"STbeat
100%
La première dame de la sauvacherieAnanas
60%
Kelvin KiptumArthurito
60%
La chauve-sourisBubu
60%
Pogba prime 2016 (ou le führer)Cowline
60%
Sébastien ChabalGaga
60%
Philippe EtchebaiseLélait
60%
Comment on fait les bébés ?maestlà
60%
Johannes Høsflot KlaeboOB'1
60%
Boucle d'orPaupau
60%
Le petit singeSwenouille
60%
La dame de ferAllez-y
40%
Rocket powerEvache
40%
Charles LepierreLili
40%
3.333 voitures manuellesMarionnette
40%

Distribution des résultats

Percentile par nombre de réponses

% des personnes avec chaque résultat

Votre développement - résultats

Vous n’avez pas pris ce quiz depuis la dernière actualisation